1883 1539 1669 1189 1745 1573 1851 1817 1955 1605 1282 1339 1931 1553 1357 1356 1983 1900 1692 1028 1382 1658 1922 1365 1298 1720 1814 1721 1522 1754 1425 1119 1005 1058 1109 1135 1689 1723 1268 1486 1058 1146 1265 1616 1141 1667 1480 1974 1807 1184 1119 1406 1113 1418 1217 1949 1110 1148 1962 1163 1134 1669 1617 1100 1675 1339 1605 1602 1875 1100 1924 1368 1143 1410 1280 1207 1403 1028 1519 1444 1414 1988 1529 1738 1609 1496 1888 1567 1380 1135 1549 1073 1219 1973 1230 1931 1200 1665 1508 BCNSPRNW ULIB Ver.6.0+V

เปลี่ยนเป็นภาษาไทย

Change to English
 แสดงรายละเอียดบรรณานุกรม
  กลับหน้าหลัก

Brief Record : Get Marc (ISO 2709) : E-mail record : QR code < ปิดหน้าต่าง
LEADER : 00000nam 2200000uu 4500
001    13399124238
003     ULIB
008    020711s2015 th a 000 0 eng d
020    9780323100014
060    WY152^bC777F
100    Kim Cooper.
245    Foundations and Adult Health Nursing./^cKim Cooper.,Kelly Gosnell.
250    7th ed
260    St.Louis. :^bElsevier,^c2015
300    2240 pages;^b27.5 cm
650    Adoult Health Nursing
700    Kelly Gosnell.
945    ^p0^l0^i039070
รายการนี้ยังไม่มีแท็ก
คุณยังไม่ได้ล็อกอิน คุณสามารถมีกิจกรรมร่วมกับเว็บไซต์ได้ แต่ต้องล็อกอินก่อน ::
  ล็อกอิน

รายการสื่อสารสนเทศ

ลำดับที่ ประเภท เลขเรียก/บาร์โค้ด สถานที่ สถานะ
1. Book การพยาบาล
Book การพยาบาล
WY152 C777F ฉ.1 
  Barcode: 039070
ห้องสมุดวิทยาเขตสวรรค์ประชารักษ์
►หนังสือทั่วไป
บนชั้น

รายการใกล้เคียง
    ผู้แต่ง [Kim Cooper.]

BibComment


ยังไม่เคยถูกคอมเมนท์

คอมเมนท์ทรัพยากรรายการนี้
  คอมเมนท์: Foundations and A..


 Copyright 2026. Bcnsprnw @Library